| 000 | 00604nam a2200241 4500 | ||
|---|---|---|---|
| 005 | 20150115162204.0 | ||
| 006 | 000 | ||
| 007 | 000 | ||
| 008 | 000 | ||
| 020 | _a0133409104 | ||
| 040 | _aUOEL | ||
| 050 |
_aQP44 _b.A48 1992 |
||
| 245 |
_aFundamentals of anatomy and physiology / _cFrederic H. Martini ... [et al.]. |
||
| 250 | _a3rd ed. | ||
| 260 |
_aNew Jersey : _bPrentice Hall, Inc., _cc1995. |
||
| 300 |
_avii, 751 p. : _bill. |
||
| 440 | _aLaboratory mannual | ||
| 650 | _aAnatomy | ||
| 650 | _aPhysiology | ||
| 700 | _aMartini, Frederic H. | ||
| 700 | _aMeehan, Roberta M. | ||
| 942 |
_2lcc _cSL2 |
||
| 999 |
_c1782 _d1782 |
||